|
|
|
|
| LEADER |
00000nab a2200000uu 4500 |
| 001 |
vtls011440643 |
| 003 |
SK-MaSNL |
| 005 |
20260303191126.0 |
| 008 |
230213|1967 xo |||||||||||||||||slo| |
| 015 |
|
|
|a SNBRB
|
| 035 |
|
|
|a (urnnbn)urn:nbn:sk:snk:ar-002yla
|
| 035 |
|
|
|a (uuid)4ab85c95-7c41-4b4c-8f27-5b093bb545ea
|
| 035 |
|
|
|a urn:nbn:sk:snk-abcf2i
|
| 040 |
|
|
|a SNKBUCL
|b slo
|c SNKBUCL
|e AACR2
|
| 041 |
0 |
|
|a slo
|
| 044 |
|
|
|a xo
|c SK
|
| 100 |
1 |
|
|a Ertlová, Eva,
|d 1931-
|4 aut
|9 37711
|
| 245 |
1 |
0 |
|a VÝSKYT PIJAVICE CYSTOBRANCHUS RESPIRANS (TROSCHEL) V ČESKOSLOVENSKOM ÚSEKU DUNAJA
|c Eva Ertlová
|
| 773 |
0 |
|
|t Biológia : časopis Slovenskej akadémie vied
|g Roč. 22, č. 5 (1967), s. 386-388
|
| 954 |
|
|
|a odborná, vedecká literatúra pôvodná (slovenská)
|2 lita
|
| 958 |
|
|
|a OND
|
| 958 |
|
|
|a EUIPO
|
| 958 |
|
|
|a article16
|
| 999 |
|
|
|c 2139509
|d 2141439
|